| 000 | 01180 a2200301 4500 | ||
|---|---|---|---|
| 003 | OSt | ||
| 005 | 20180116192354.0 | ||
| 008 | 120613t xxu||||| |||| 00| 0 eng d | ||
| 010 | _a 2009293511 | ||
| 020 | _a9780073405353 | ||
| 020 | _a0073405353 | ||
| 040 | _c0 | ||
| 082 | _a301 | ||
| 245 | 0 | 0 |
_aApplying anthropology : _ban introductory reader / _c[edited by] Aaron Podolefsky, Peter J. Brown, Scott M. Lacy. |
| 250 | _a9th ed. | ||
| 260 |
_aBoston : _bMcGraw-Hill Higher Education, _cc2009. |
||
| 300 |
_axix, 340 p. : _bill., maps ; _c28 cm. |
||
| 650 | 1 | 0 |
_aApplied anthropology. _94529 |
| 650 | 1 | 0 |
_aAnthropology. _94530 |
| 700 | 1 |
_aPodolefsky, Aaron. _94531 |
|
| 700 | 1 |
_aBrown, Peter J. _94532 |
|
| 700 | 1 |
_aLacy, Scott M. _94533 |
|
| 856 | 4 | 2 |
_3Contributor biographical information _uhttp://www.loc.gov/catdir/enhancements/fy0909/2009293511-b.html |
| 856 | 4 | 2 |
_3Publisher description _uhttp://www.loc.gov/catdir/enhancements/fy0909/2009293511-d.html |
| 856 | 4 | 2 |
_3Table of contents only _uhttp://www.loc.gov/catdir/enhancements/fy0909/2009293511-t.html |
| 942 |
_aSADA _cBK _k301 APP 2009 _2ddc |
||
| 999 |
_c353056 _d353056 |
||